| 000 | 00923nam a2200265Ia 4500 | ||
|---|---|---|---|
| 003 | OSt | ||
| 005 | 20221005112111.0 | ||
| 006 | a|||||r|||| 00| 0 | ||
| 007 | ta | ||
| 008 | 221004b |||||||| |||| 00| 0 hin d | ||
| 020 |
_a9788173719035 (pbk) _c505 |
||
| 024 | _a7834 | ||
| 037 |
_b159, 08/11/2013, University Book House _cTextual |
||
| 040 |
_aCRL _cCRL _bhin |
||
| 041 |
_2hin _ahin |
||
| 082 | _aA0aY, 152Q3 | ||
| 100 | _aडुडेजा, सुमन | ||
| 245 | 0 | _aविज्ञान और जीवन | |
| 246 | _aVijnyān aur jīvana | ||
| 260 |
_aहैदराबाद _bयूनिवर्सिटीज प्रेस _c2013 |
||
| 300 |
_a148पृ0 _ccm. |
||
| 490 | _aथ्ल्न्च् थ्ब् ैस् | ||
| 942 |
_hA0aY, 152Q3 _cTEXL _2cc |
||
| 999 |
_c1023820 _d1023820 |
||